QCM Football (difficile) - Statistiques

Statistiques générales
  • Ce quiz a été pris 4 857 fois
  • Le résultat moyen est 7 sur 15
Statistiques - réponses
Question Réponse % Correct
quel est l'unique gardien de but à avoir remporter le ballon d'or ? Lev Yashin
95%
Quel joueur de champs n'a jamais été gardien de but au cours d'un match ? Jamie Vardy
64%
En quelle année le grand AC Milan de Carlo Ancelotti a-t-il remporté sa dernière ligue des champions à l'heure actuelle ? 2007
60%
Quel joueur tunisien a marqué face à l'équipe de France lors de la coupe du monde 2022 ? Wahbi Khazri
59%
Quel joueur est surnommé "l'homme mort debout" ? Roberto Baggio
58%
Quel joueur détient le record de buts inscrit en UNE coupe du monde avec 13 réalisations ? Just Fontaine
55%
Combien de club anglais ont remporté la ligue des champions ? 6
47%
Quel nation a remporté la coupe du monde en 1990 ? Allemagne
47%
Quel joueur est surnommé " El Fideo " ? Angel Di Maria
43%
Quel équipe ne fait pas partie du championnat brésilien ? Instituto
42%
Quel joueur comptabilise le plus de passes décisives au cours de sa carrière parmi ces 4 joueurs ? Ryan Giggs
38%
Quel joueur français n'a pas été sélectionné pour la coupe du monde 2010 ? Karim Benzema
36%
A combien de reprise un joueur de foot néerlandais a t il fini 1er au ballon d'or ? 7
32%
Quel joueur a été le premier ballon d'or en 1956 ? Stanley Matthews
29%
Quel est le joueur qui fini le plus de fois sur le podium du ballon d'or ? Raymond Kopa
12%
Aucun quiz correspondant
Distribution des résultats
% des personnes avec chaque résultat
Percentile par nombre de réponses
Votre historique - résultats
Vous n’avez pas pris ce quiz